000 00599nam a22002177a 4500
003 UA-OsUOA
001 83709
007 ta
008 20120424b un ||||| |||| 00| 0 ukr d
100 _aКнейслер О.
090 _a330(477)
_bК53
942 _cSA
040 _aUA-OsUOA
_bukr
_cUA-OsUOA
_dUA-OsUOA
245 _aІнституціональні регулятори ринку перестрахування в Україні
300 _aС.110-119
955 _a0
041 _aukr
080 _a330(477)
773 0 _w83699
650 7 _a330 Економіка взагалі
_2UDC
999 _c370020
_d370020